000 00447nam a2200193Ia 4500
005 20240823013030.0
008 240823s9999||||xx |||||||||||||| ||und||
020 _a81-265-0381-5
041 _aENGLISH
082 _A005.4469 P3
100 _a"McCarty,Bill"
245 0 _aRed Hat Linux Firewalls
250 _a1st
260 _c2003
_b#VALUE!
500 _aYES
650 _aLinux
_bInformation Technology
942 _cBK
999 _c166099
_d166099